000 01205nam a2200301 a 4500
001 BRCA_5428
005 20190320205056.0
008 810917s1932----nyuac####c---#000-0#eng-#
041 _aeng
044 _anyu
050 4 _aND190
_b.T73 1932
100 1 _aTrapier, Elizabeth du Gué
_913864
245 1 0 _aCatalogue of paintings
_b(19th, 20th centuries) in the collection of the Hispanic Society of America
_cby Elizabeth du Gué Trapier.
260 _aNueva York
_bOrder of the Trustees
_c1932
300 _a2 v.
_bil., retratos, láminas
_c19 cm.
440 0 _aHispanic notes & monographs: essays, studies, and brief biographies issued by the Hispanic Society of America
_97657
500 _aIncluye índice de láminas e índice alfabético
500 _aEn dos volúmenes con 342 ilistraciones
500 _aVer también M28 para Siglo XIV y XV; y M24 para Siglo XVI, XVII y XVIII
500 _aM28A
504 _aBibliografía: p. 915-923
650 1 4 _aPinturas
_vCatálogos
_zNueva York
_913820
650 1 4 _aPinturas
_xHistoria
_zEspaña
_913821
650 1 4 _aGalerías y museos
_zEstados Unidos
_97437
710 2 _aThe Hispanic Society of America
_910966
902 _aGFM
942 _2lcc
_cB
999 _c5122
_d5122